|
|
|
|
| LEADER |
00000cam a2200000 7i4500 |
| 001 |
0000015126 |
| 005 |
20080317.0 |
| 008 |
080317 |
| 020 |
|
|
|a 0446578592
|
| 090 |
0 |
0 |
|a 658.4092
|b BEN
|
| 100 |
1 |
|
|a Benedict, Jeff
|
| 245 |
1 |
4 |
|a The Mormon way of doing business :
|b leadership and success through faith and family
|c Jeff Benedict
|
| 260 |
|
|
|a New York :
|b Warner Business Books ,
|c 2007
|
| 650 |
|
0 |
|a Businessmen
|z United States
|x Conduct of life
|
| 650 |
|
0 |
|a Executives
|z United States
|x Biography
|
| 650 |
|
0 |
|a Family
|x Religious aspects
|z Mormon Church
|
| 999 |
|
|
|a 0001014947
|b Book
|c Adult Collection
|e Perbadanan Perpustakaan Awam Johor
|